1902 1406 1850 1283 1786 1003 1531 1925 1034 1722 1864 1452 1506 1464 1621 1512 1541 1444 1350 1277 1158 1987 1615 1423 1076 1606 1221 1823 1552 1223 1988 1695 1652 1919 1867 1138 1477 1714 1035 1742 1281 1051 1406 1231 1161 1130 1189 1678 1965 1844 1793 1856 1105 1362 1706 1252 1453 1490 1178 1818 1176 1489 1775 1206 1763 1571 1030 1827 1995 1276 1294 1688 1833 1607 1900 1350 1374 1440 1005 1889 1695 1325 1885 1861 1341 1580 1666 1382 1445 1508 1414 1419 1697 1938 1505 1471 1285 1926 1948 BCNSPRNW ULIB Ver.6.0+V

เปลี่ยนเป็นภาษาไทย

Change to English
 แสดงรายละเอียดบรรณานุกรม
  กลับหน้าหลัก

Brief Record : Get Marc (ISO 2709) : E-mail record : QR code < ปิดหน้าต่าง
LEADER : 00000nam 2200000uu 4500
001    13399121886
003     ULIB
008    121212s2547||||th 000 0 tha d
020    ^a9749773039
060  4 ^aWO500^bท184ศ ล.27
100 0  ทวี รัตนชูเอก
245 00 ^aศัลยศาสตร์วิวัฒน์ 27 :^bComplicated problems in HBP Surgery /^cบรรณาธิการ, ทวี รัตนชูเอก, กวิญ ลีละวัฒน์,วิทูร ชินสว่างวัฒนกุล,วิบุล สัจกุล, ไพศาล พงศ์ชัยฤกษ์
246 30 ^aComplicated problems in HBP Surgery.
260    ^aกรุงเทพฯ :^bกรุงเทพเวชสาร,^c2547.
300    ^aก-ซ, 501 หน้า :^bภาพประกอบ,^c22 ซม.
650  7 ^aศัลยศาสตร์ลำไส้ใหญ่โคลอน
650  7 ^aศัลยศาสตร์
653    ^aผลงานอาจารย์คณะแพทยศาสตร์ศิริราชพยาบาล
700 0  กวิญ ลีละวัฒน์,^eบรรณาธิการ
700 0  วิทูร ชินสว่างวัฒนกุล,^eบรรณาธิการ
700 0  วิบุล สัจกุล,^eบรรณาธิการ
700 0  ไพศาล พงศ์ชัยฤกษ์,^eบรรณาธิการ
852    ^aพยาบาลศาสตร์.
945    ^p380^l0^i13314
945    ^p380^l0^i13315
945    ^p380^l0^i13316
945    ^p380^l0^i13317
945    ^p380^l0^i13318
999    ^aทศพร เกษรทอง
รายการนี้ยังไม่มีแท็ก
คุณยังไม่ได้ล็อกอิน คุณสามารถมีกิจกรรมร่วมกับเว็บไซต์ได้ แต่ต้องล็อกอินก่อน ::
  ล็อกอิน

รายการสื่อสารสนเทศ

ลำดับที่ ประเภท เลขเรียก/บาร์โค้ด สถานที่ สถานะ
1. วิทยาศาสตร์การแพทย์ และสุขภาพ
วิทยาศาสตร์การแพทย์ และสุขภาพ
WO500 ท184ศ ล.27 ฉ.1 
  Barcode: 13314
ห้องสมุดวิทยาเขตสวรรค์ประชารักษ์
►หนังสือทั่วไป
บนชั้น
2. วิทยาศาสตร์การแพทย์ และสุขภาพ
วิทยาศาสตร์การแพทย์ และสุขภาพ
WO500 ท184ศ ล.27 ฉ.2 
  Barcode: 13315
ห้องสมุดวิทยาเขตสวรรค์ประชารักษ์
►หนังสือทั่วไป
บนชั้น
3. วิทยาศาสตร์การแพทย์ และสุขภาพ
วิทยาศาสตร์การแพทย์ และสุขภาพ
WO500 ท184ศ ล.27 ฉ.3 
  Barcode: 13316
ห้องสมุดวิทยาเขตสวรรค์ประชารักษ์
►หนังสือทั่วไป
บนชั้น
4. วิทยาศาสตร์การแพทย์ และสุขภาพ
วิทยาศาสตร์การแพทย์ และสุขภาพ
WO500 ท184ศ ล.27 ฉ.4 
  Barcode: 13317
ห้องสมุดวิทยาเขตสวรรค์ประชารักษ์
►หนังสือทั่วไป
บนชั้น
5. วิทยาศาสตร์การแพทย์ และสุขภาพ
วิทยาศาสตร์การแพทย์ และสุขภาพ
WO500 ท184ศ ล.27 ฉ.5 
  Barcode: 13318
ห้องสมุดวิทยาเขตสวรรค์ประชารักษ์
►หนังสือทั่วไป
บนชั้น

รายการใกล้เคียง
    ผู้แต่ง [ทวี รัตนชูเอก]

    หัวเรื่อง [ศัลยศาสตร์ลำไส้ใหญ่โคลอน]
    หัวเรื่อง [ศัลยศาสตร์]

BibComment


ยังไม่เคยถูกคอมเมนท์

คอมเมนท์ทรัพยากรรายการนี้
  คอมเมนท์: ศัลยศาสตร์วิวัฒน..


 Copyright 2026. Bcnsprnw @Library